000 00294nam a2200121 a 4500
001 4140
005 20140414131848.0
008 090218s19uu xx 00 eng d
050 _aM 372.4
_bSw4 2000
100 _aSweeney, Alyse
245 _aAll about me write and read books.
999 _c110024
_d110024